Improving primary care : strategies and tools for a better practice
Practice Improvement: The Primary Care Source Book offers frank appraisals and concrete recommendations for primary care practitioners on how to meet the huge, stress-inducing, challenges that they face on a daily basis. The authors offer innovative approaches and suggestions to dealing with primary...
Đã lưu trong:
| Príomhúdar: | |
|---|---|
| Formáid: | Leabhar |
| Teanga: | Undetermined |
| Foilsithe: |
New York
Lange Medical Books/Mcgraw-Hill
2007
|
| Ábhair: | |
| Clibeanna: |
Cuir Clib Leis
Gan Chlibeanna, Bí ar an gcéad duine leis an taifead seo a chlibeáil!
|
| Thư viện lưu trữ: | Trung tâm Học liệu Trường Đại học Cần Thơ |
|---|
| LEADER | 01190nam a2200241Ia 4500 | ||
|---|---|---|---|
| 001 | CTU_138018 | ||
| 008 | 210402s9999 xx 000 0 und d | ||
| 020 | |c 29.65 | ||
| 082 | |a 610 | ||
| 082 | |b B652 | ||
| 100 | |a Bodenheimer, Thomas. | ||
| 245 | 0 | |a Improving primary care : | |
| 245 | 0 | |b strategies and tools for a better practice | |
| 245 | 0 | |c Thomas Bodenheimer, Kevin Grumbach | |
| 260 | |a New York | ||
| 260 | |b Lange Medical Books/Mcgraw-Hill | ||
| 260 | |c 2007 | ||
| 520 | |a Practice Improvement: The Primary Care Source Book offers frank appraisals and concrete recommendations for primary care practitioners on how to meet the huge, stress-inducing, challenges that they face on a daily basis. The authors offer innovative approaches and suggestions to dealing with primary care issues ranging from the latest electronic technologies to non-traditional options for the patient-physician encounter. | ||
| 650 | |a Family medicine,Primary care (Medicine),Primary Health Care,Practice Management, Medical | ||
| 650 | |x Practice,Thuốc gia đình | ||
| 650 | |z United States,United States | ||
| 904 | |i Ngân | ||
| 980 | |a Trung tâm Học liệu Trường Đại học Cần Thơ | ||